000 00687nam a2200217Ii 4500
003 JO-AjNU
008 230605s9999||||xx |||||||||||||| ||und||
017 _a2007/5/1458
040 _aJO-AjNU
_bara
_erda
_cJO-AjNU
041 _aara
050 1 4 _aHD37.A7.T43.2008
100 3 _aثابت،عادل,
_eauthor
_931018
245 0 0 _aسيكولوجيا الادارة المعاصرة
250 _aط1
264 3 1 _aعمان:دار اسامة للنشر والتوزيع،2008
300 _a351ص
336 _atext
_btxt
_2rdacontent
337 _aunmediated
_bn
_2rdamedia
338 _avolume
_bnc
_2rdacarrier
650 4 _aادارة اعمال-الادارة العامة
_931019
999 _aA12361
_c15929
_d15929